000 01052nam a22002417a 4500
999 _c64451
_d64451
005 20240530110732.0
008 180514s1999 uk g 000 0 ara d
017 _bمصر. دار الكتب
020 _a1873992491
040 _aEG-CaGPL
_cEG-CaGPL
082 0 4 _221
_a011.21 /
_bم ت
100 0 _aمحمد فتحى عبدالهادى
245 1 2 _aالتراث العربى الاسلامى :
_bببليوجرافية بالانتاج الفكرى العربى من 1882 الى 1998 /
_cاعداد محمد فتحى عبدالهادى
260 _c1999.
_aانجلترا،
_bمؤسسة الفرقان للتراث الاسلامى،
300 _a191.ص ؛
_c24 سم.
490 0 _aسلسلة ببليوجرافيات الفرقان ؛
_v1
490 0 _aمنشورات الفرقان ؛
_v49.
650 0 7 _2qrmak
_aالتراث العربى
_vببليوجرافيات
650 0 7 _2qrmak
_aالمخطوطات العربية
_vببليوجرافيات
651 _2qrmak
942 _2ddc
_cBK